000
00277nam a2200109Ia 4500
008
190216s9999||||xx |||||||||||||| ||und||
100
_a
Sankaran Unni
245
0
_a
Paristhithi Vinjaanathinde Moola Thathwangal
260
_b
Bhasha Institute
650
_a
Malayalam
942
_c
BK
999
_c
39017
_d
39017